00360 2200133 4500245007300000020002200073250001000095100003200105005001900137260003800156041001400194084000900208336000900217 aSebaik baiknya Amal adalah SHALATcYazid bin Abdul Qadir JawashText a978-979-16612-3-2 acet.4 aYazid bin Abdul Qadir Jawas a20240925144914 aIndonesiabPustaka At-Taqwac2011 aIndonesia aNONE atext